[Event "DSOL 03 Liga Final 1st"]
[Site "Playchess.com INT"]
[Date "2020.09.04"]
[Round "2.3"]
[White "Brkic, Tomislav"]
[Black "Andrae, Ralf"]
[Result "0-1"]
[WhiteElo "1638"]
[BlackElo "1904"]
[PlyCount "100"]
[EventDate "2020.06.22"]
[EventType "team-k.o. (rapid)"]
[EventCountry "GER"]
[SourceTitle "EXT 2021"]
[Source "ChessBase"]
[SourceDate "2020.10.23"]
[SourceVersion "1"]
[SourceVersionDate "2020.10.23"]
[SourceQuality "1"]
[WhiteTeam "Bad Wimpfen"]
[BlackTeam "Bad Toelz"]
[WhiteTeamCountry "GER"]
[BlackTeamCountry "GER"]

1. d4 g6 2. c4 Bg7 3. Nf3 Nf6 4. Nc3 c5 5. Bg5 cxd4 6. Nxd4 Nc6 7. Nf3 d6 8. e3 Qa5 9. Bd3 0-0 10. 0-0 Bg4 11. Bh4 Rac8 12. h3 Bxf3 13. Qxf3 Ne5 14. Qe2 Nxd3 15. Qxd3 Qa6 16. b3 d5 17. Bxf6 dxc4 18. bxc4 Bxf6 19. Nd5 Rxc4 20. Nxf6+ exf6 21. Qb3 Qc6 22. Rfd1 Rc8 23. Rab1 b6 24. Qa3 Ra4 25. Qb2 Kg7 26. Rbc1 Rc4 27. Rxc4 Qxc4 28. a4 Qxa4 29. Rd6 Qh4 30. Kh2 Qg5 31. Rd7 Qe5+ 32. Qxe5 fxe5 33. Rxa7 Rb8 34. Kg3 b5 35. Ra2 b4 36. Kf3 f5 37. Rb2 Kf6 38. Ke2 Ke6 39. Kd3 Kd5 40. f3 e4+ 41. Kd2 Rb5 42. f4 Kc4 43. Rc2+ Kb3 44. Kc1 Ra5 45. Rb2+ Kc3 46. Rc2+ Kd3 47. Rc7 Kxe3 48. Rxh7 Kf2 49. Rg7 e3 50. Rxg6 e2 0-1

[Event "DSOL 03 Liga Gr-B 1st"]
[Site "Playchess.com INT"]
[Date "2020.07.13"]
[Round "4.3"]
[White "Placke, Jens"]
[Black "Andrae, Ralf"]
[Result "0-1"]
[WhiteElo "1855"]
[BlackElo "1904"]
[PlyCount "114"]
[EventDate "2020.06.22"]
[EventType "team-tourn (rapid)"]
[EventCountry "GER"]
[SourceTitle "EXT 2021"]
[Source "ChessBase"]
[SourceDate "2020.10.23"]
[SourceVersion "1"]
[SourceVersionDate "2020.10.23"]
[SourceQuality "1"]
[WhiteTeam "Brackweda"]
[BlackTeam "Bad Toelz"]
[WhiteTeamCountry "GER"]
[BlackTeamCountry "GER"]

1. c4 g6 2. Nc3 Bg7 3. d4 e5 4. Nf3 exd4 5. Nxd4 Nf6 6. g3 0-0 7. Bg2 Re8 8. 0-0 d6 9. Bg5 h6 10. Bf4 Nbd7 11. Qd2 g5 12. Be3 Ne5 13. b3 Nfg4 14. Nc2 Nxe3 15. Nxe3 f5 16. Rac1 c6 17. f4 Nf7 18. Kh1 Qf6 19. Ned1 gxf4 20. Rxf4 Ng5 21. Nf2 Qg6 22. Nd3 Bd7 23. Rff1 Rad8 24. Nf4 Qf6 25. Nh5 Qd4 26. Qxd4 Bxd4 27. Nf4 Kh7 28. Rfd1 Bc5 29. Rd3 Nf7 30. Na4 Ba3 31. Rf1 Ne5 32. Rdd1 Ng4 33. Rd3 Re7 34. Bf3 Be8 35. h3 Nf6 36. Rb1 a5 37. Rbd1 Bf7 38. Kg2 Rde8 39. Nc3 Bb4 40. Nb1 Nd7 41. a3 Bc5 42. R3d2 Ne5 43. Nd3 Bd4 44. Nxe5 Bxe5 45. Rd3 Rg8 46. g4 h5 47. Rh1 Be6 48. Kf1 a4 49. b4 Bxc4 50. Rd1 d5 51. Nd2 Bb5 52. gxf5 Bf4 53. Bxh5 Re3 54. Bg6+ Kg7 55. Re1 Rxa3 56. Rg1 Kf6 57. Nf3 Rxf3+ 0-1